| 000 | 00645nam a22001937a 4500 | ||
|---|---|---|---|
| 003 | PILC | ||
| 005 | 20160523102943.0 | ||
| 008 | 160523b xxu||||| |||| 00| 0 eng d | ||
| 020 | _a9789719802044 | ||
| 050 |
_aRB 145 _b.Su83 2014 |
||
| 100 | _aSuba, Sally C. | ||
| 245 |
_aBlood chemistry 1 : _blaboratory manual / _cSally C. Suba and Jennifer S. Florida. |
||
| 250 | _a1st edition. | ||
| 260 |
_aQuezon City : _bC & E Publishing, Inc., _c2014. |
||
| 300 |
_aviii, 186 pages : _billustrations ; _c26 cm. |
||
| 500 | _aIncludes appendix and bibliographical references. | ||
| 650 |
_aBlood analysis _xLaboratory manuals. |
||
| 942 |
_2lcc _cBK |
||
| 999 |
_c294690 _d294690 |
||